Kumpulan puisi : titik!

Bibliographic Details
Main Author: Rosani Hiplee
Format: Book
Published: KL : Institut Terjemahan & Buku Malaysia Berhad , 2014
Subjects:

MARC

LEADER 00000cam a2200000 7i4500
001 0000046392
005 20150325.0
008 150325
020 |a 9789674304348 
090 0 0 |a 899.231   |b ROS 
100 0 |a Rosani Hiplee 
245 1 0 |a Kumpulan puisi :   |b titik!   |c Rosani Hiplee 
260 |a KL :   |b Institut Terjemahan & Buku Malaysia Berhad ,   |c 2014 
650 0 |a Malay poetry 
999 |a 0001346938   |b Book   |c Adult Collection   |e Perbadanan Perpustakaan Awam Johor